FC 24 TOTW 22 - Statistics

General Stats
  • This quiz has been taken 6 times
  • The average score is 7 of 18
Answer Stats
rat pos club player % Correct
TOTW 93 ST Manchester City Erling Haaland
100%
TOTW 90 ST Real Madrid Vinícius Júnior
100%
TOTW 88 LB AC Milan Theo Hernández
83%
TOTW 85 LM Leeds United Crysencio Summerville
67%
TOTW 87 CDM Arsenal Declan Rice
67%
TOTW 87 CB Royal Antwerp Toby Alderweireld
67%
TOTW 85 RWB Bayer Leverkusen Josip Stanišić
50%
TOTW 88 RM Bologna Riccardo Orsolini
50%
TOTW 87 CDM Bayern Frauen Georgia Stanway
33%
TOTW 85 ST Getafe Jaime Mata
33%
TOTW 87 RM Paris FC Féminines Clara Matéo
17%
TOTW 85 CDM AS Monaco Denis Zakaria
17%
TOTW 85 RW Sporting Lisbon Francisco Trincão
17%
TOTW 87 GK Union Berlin Frederik Rønnow
17%
TOTW 85 ST SC Heerenveen Pelle van Amersfoort
17%
TOTW 87 CB Madrid CFF Aldana Cometti
0%
TOTW 85 CF RC Lens David Costa
0%
TOTW 85 LM Rapid Wien Marco Grüll
0%
No matching quizzes found
Score Distribution
Percent of People with Each Score
Percentile by Number Answered
Your Score History
You have not taken this quiz